MDQL
is popping MORE tags! Check the
thread
!
Quizzes
Events
Quiz Creation
Community
Videos
Private Events
Remove Ads
Sign In
Join for FREE
Feedback
Dark Mode
Quiz Categories
Sports
Geography
Music
Movies
Television
Just For Fun
Miscellaneous
History
Literature
Language
Science
Gaming
Entertainment
Religion
Holiday
For Kids
Quiz Lab
Recent
Popular Today
Quiz Kudos Today
Editor Picks
Curator Picks
Quizzes by...
Day
Popularity
Type
Ratings
Length
Year
Community
Subscriptions
Recent Discussions
Orange Saloon
Badges
Playlists
Quests
Create
Leaderboards
Showdown
Live 5
Trivia Bingo
Activity
Puzzle Library
Sporcle Events
Private Events
Virtual Trivia
Globe League
Become a Host
Pub Owners
SporcleCon
Opinionation
Our Games
Videos
Blog
Mobile Apps
Partnerships
Remove Ads and Go Orange
Feedback
Music
Pop Music
The Beatles
Song
Album
Lyrics
Bands
Singers
Artist
Clip
Rock
Rap
Classical
Billboard
Country Music
Kpop
Taylor Swift
Music
Pop Music
The Beatles
Song
Album
Lyrics
Bands
Singers
Artist
Clip
Rock
Rap
Classical
Billboard
Country Music
Kpop
Taylor Swift
Random Quiz
Search Sporcle
×
Quiz Lab
Quiz Lab
Music
Song
Type in answers that appear in a list
Type in answers that appear in a list
Classic
Best Score? Go Orange.
David Cook's Declaration Tour Songs Stats
Can you name the songs from David Cook's Declaration Tour ?
By
tigervixxxen
5m
37 Questions
163 Plays
163 Plays
163 Plays
Comments
Comments
Give Quiz Kudos
Give Quiz Kudos
-
- Ratings
hide this ad
More Info
Replay
Link that replays current quiz
Next Quiz
Link to next quiz in quiz playlist
You Got
0%
They Got
Avg Score
60%
Avg Friend Score
Upgrade to see
Score Distribution
Jump to the score distribution portion of the page
Score
0/37
Timer
05:00
0
Plays Today
% Correct
Declaration
94.5%
Light On
92%
Come Back to Me
91.4%
Heroes
89%
A Daily Anthem
87.7%
Bar-Ba-Sol
86.5%
Permanent
86.5%
Lie
85.3%
Life on the Moon
84%
Mr. Sensitive
79.8%
Avalanche
79.8%
I Did it For You
78.5%
Kiss on the Neck
73%
Hot For Teacher
68.7%
Breathe Tonight
65%
Straight Ahead
62%
Make Me
58.3%
My Last Request
57.7%
Anodyne
57.7%
% Correct
Billie Jean
54.6%
Man in the Box
53.4%
Til I'm Blue
53.4%
The Truth
51.5%
Silver
50.9%
Little Lies
48.5%
Always Be My Baby
46%
Died in Your Arms Tonight
44.2%
The World I Know
43.6%
Souvenir
42.9%
Shattered Dreams
42.3%
Make Believe
41.1%
Hunger Strike
35.6%
We're Only Honest When We're Sleeping
35%
Living on a Prayer
33.1%
Every Day is Exactly the Same
28.8%
Hotel California
27.6%
My Hero
23.3%
Quiz Playlist
Details
Report
Send in Message
Add To Playlist
More Info:
All songs performed on tour from 2/13/09-12/01/09 Includes all partial songs. Only songs performed with David Cook as lead vocalist.
Classic:
Type in answers that appear in a list
Last Updated: Feb 16, 2017
Quiz Scoreboard
CHALLENGE
Sign Up to Join the Scoreboard
Show All
Scores
Hide
Comments
May contain spoilers
Recently Published
Two Season TV Shows II
by 123Four
Television
10m
Image Sorting: Flags VI
by Barbecue
Geography
2m
Find the 'City' Movie
by crazypaving
Movies
60s
More to Explore
Quiz From the Vault
Featured Blog Post
14 Easter Pick-up Lines to Find Eggs With
hide this ad
You Might Also Like...
Tags
Song Quiz
cook
David
David Cook
declaration
tour
Today's Top Quizzes in Music
Browse Music
hide this ad
Today's Top Quizzes in Song
Browse Song
Top Contributed Quizzes in Music
1
5X2 Blitz: Bands II
2
5X2 Blitz: The Beatles
3
Taylor Swift All Songs (2024)
4
5X2 Blitz: Billboard
5
5X2 Blitz: Billboard II
6
5X2 Blitz: Album
7
5X2 Blitz: Singers
8
5X2 Blitz: Rock
9
Music Artist by Three 2010s hits
10
5X2 Blitz: Lyrics
Explore More
Trending Topics
Kpop
Anime
NBA
Marvel
Disney
Crossword
Harry Potter
Pokémon
The Office
NFL
WWE
Song
Soccer
Puzzle
Country
hide this ad
More By:
tigervixxxen
Quiz
Plays
Rating
Category
Featured
Created
David Cook's Declaration Tour Songs
163
Music
Mar 24, 2010
David Cook's Declaration Tour Cities
78
5.00
Music
Apr 3, 2010
Go to Creator's Profile
Score Distribution
Quiz Creator Spotlight
tigervixxxen
Follow
Send a Message
Quizzes Created
-
Created Quiz Play Count
-
More By This Creator
Popular Quizzes Today
1
Find the US States - No Outlines Minefield
2
Colored Red Africa Blitz
3
Find the 'City' Movie
4
5x2 Blitz: Bands
5
The Countries of the World
6
Find the Countries of Europe - No Outlines Minefield
7
Find the US States
8
US States
More Music Quizzes
Guesss the disney song with no hints! #1
Quiz Lab
Trending Quizzes
Colored Red Europe Blitz I
Colored Red Africa Blitz II
Colored Red Europe Blitz II
Colored Red Europe Blitz III
Colored Red Africa Blitz III
Recently Updated
How Do You Spell That?
pecheneg
Godzilla Movies
pecheneg
Grab Bag: 4-10 Letters
pecheneg
2024 March Madness Bracket
pecheneg
Famous TV Couples
Peacemaker
Champions League XIs: Real Madrid
pecheneg
Largest US Cities 1790-2010
pecheneg
Rides in Walt Disney World
pecheneg
Most Oscar Losses (Acting)
pecheneg
Beyoncé Albums
pecheneg
Trending Topics
Marvel
Anime
Kpop
Crossword
Disney
NBA
Harry Potter
Puzzle
Country
Soccer
NFL
Song
Pokémon
The Office
WWE
Your Account Isn't Verified!
In order to create a playlist on Sporcle, you need to verify the email address you used during registration. Go to your
Sporcle Settings
to finish the process.
Report this User
Report this user for behavior that violates our
Community Guidelines
.
Details:
Send Report
Go to the Sporcle.com Mobile Site →
Comments